TMS 2010 139th Annual Meeting and Exhibition - Supplemental Proceedings Volume 3 - General Paper Selections

Saved in:
Bibliographic Details
Corporate Author TMS (The Minerals Metals & Materials Society)
Format Electronic eBook
LanguageEnglish
Published [Place of publication not identified] TMS (The Minerals Metals & Materials Society), 2010.
Subjects
Online AccessFull text
ISBN9780873397537
0873397533
1523105240
9781523105243
Physical Description1 online resource

Cover

LEADER 00000cam a2200000Mu 4500
001 kn-ocn987015084
003 OCoLC
005 20240717213016.0
006 m o d
007 cr cn|||||||||
008 170509s2010 xx o 000 0 eng d
040 |a COO  |b eng  |e pn  |c COO  |d CEF  |d STF  |d MERER  |d OCLCQ  |d AU@  |d SXB 
020 |a 9780873397537 
020 |a 0873397533 
020 |a 1523105240 
020 |a 9781523105243 
035 |a (OCoLC)987015084  |z (OCoLC)1096676424  |z (OCoLC)1264953741 
245 0 0 |a TMS 2010 139th Annual Meeting and Exhibition - Supplemental Proceedings Volume 3 - General Paper Selections /  |c TMS (The Minerals Metals & Materials Society). 
260 |a [Place of publication not identified]  |b TMS (The Minerals Metals & Materials Society),  |c 2010. 
300 |a 1 online resource 
336 |a text  |b txt  |2 rdacontent 
337 |a computer  |b c  |2 rdamedia 
338 |a online resource  |b cr  |2 rdacarrier 
500 |a Title from content provider. 
506 |a Plný text je dostupný pouze z IP adres počítačů Univerzity Tomáše Bati ve Zlíně nebo vzdáleným přístupem pro zaměstnance a studenty 
590 |a Knovel  |b Knovel (All titles) 
655 7 |a elektronické knihy  |7 fd186907  |2 czenas 
655 9 |a electronic books  |2 eczenas 
710 1 |a TMS (The Minerals Metals & Materials Society) 
776 0 |z 0873397533 
856 4 0 |u https://proxy.k.utb.cz/login?url=https://app.knovel.com/hotlink/toc/id:kpTMSAME11/tms-2010-139th?kpromoter=marc  |y Full text